Bewohner Entenhausens - Statistiken

Allgemein
  • Dieses Quiz wurde 178 mal gespielt
  • Das Durchschnittsergebnis liegt bei 22 aus 68
Antwortstatistiken
Bildquiz Antwort % Korrekt
Donald Duck
100%
Micky Maus
100%
Dagobert Duck
99%
Tick, Trick und Track
99%
Minnie Maus
97%
Goofy
96%
Pluto
95%
Daisy Duck
94%
Panzerknacker
90%
Daniel Düsentrieb
83%
Gustav Gans
77%
Kater Karlo
73%
Chip und Chap
64%
Phantomias
60%
Dussel Duck
52%
Klaas Klever
51%
Helferlein
49%
Opa Knack
48%
Dorette Duck
47%
Franz Gans
42%
Quack
40%
Klarabella Kuh
37%
Gitta Gans
33%
Supergoof
33%
Das schwarze Phantom
32%
Indiana Goof
32%
Kommissar Hunter
32%
Emil Erpel
29%
Mack und Muck
29%
Rudi Ross
27%
Inspektor Issel
26%
Baptist
22%
Primus Von Quack
21%
Dicky, Dacky und Ducky
20%
Oma Knack
19%
Zacharias Zorngiebel
19%
Trudi
18%
Anwantzer
14%
Atömchen
14%
Frieda
14%
Johann
14%
Mortimer Maus
14%
Schnauz
14%
Detta von Duz / Phantomime
12%
Maxi Smart
12%
Achtmalacht
10%
Inspektor Steinbeiß
10%
Nicky
9%
Professor Zapotek
9%
Hicksi
8%
Schmutzgeier
8%
Bolivar
6%
Dieter Düsentrieb
5%
Habakuk
5%
Rita Rührig
5%
Kralle
4%
Bürgermeister Bleibtreu
3%
Dolly Duck
3%
Moby Duck
3%
Zwerg Zwetschge
3%
Knackerknaben
2%
Lord John Quackett
2%
Professor Wunderlich
2%
Darendorf Düsentrieb
1%
Kommissar Pinkus
1%
Krantz
1%
Spectaculus
1%
Tabea Trifftig
1%
Keine übereinstimmenden Quizze gefunden
Verteilung der Resultate
Anzahl Personen mit jedem Resultat
Perzentil nach korrekt beantworteten Fragen
Ihre Resultats-Entwicklung
Sie haben dieses Quiz noch nicht gespielt